[Event "Superfinal (women)"]
[Site "Moscow"]
[Date "2020.12.08"]
[Round "4.6"]
[White "Shuvalova, Polina"]
[Black "Getman, Tatyana"]
[Result "1-0"]
[BlackElo "2302"]
[WhiteElo "2456"]
[LiveChessVersion "1.4.8"]

1. d4 {[%clk 1:30:57]} Nf6 {[%clk 1:30:53]} 2. c4 {[%clk 1:31:24]} e6
{[%clk 1:31:15]} 3. g3 {[%clk 1:31:49]} d5 {[%clk 1:31:37]} 4. Bg2
{[%clk 1:32:14]} Bb4+ {[%clk 1:31:51]} 5. Nd2 {[%clk 1:32:35]} O-O
{[%clk 1:30:45]} 6. Ngf3 {[%clk 1:33:03]} b6 {[%clk 1:30:11]} 7. O-O
{[%clk 1:33:27]} Bb7 {[%clk 1:29:57]} 8. Ne5 {[%clk 1:33:52]} Bd6
{[%clk 1:26:15]} 9. cxd5 {[%clk 1:32:51]} exd5 {[%clk 1:24:18]} 10. Ndc4
{[%clk 1:32:57]} Be7 {[%clk 1:16:12]} 11. Bf4 {[%clk 1:33:02]} c6
{[%clk 1:13:40]} 12. Ne3 {[%clk 1:33:25]} Nh5 {[%clk 1:11:00]} 13. Nf5
{[%clk 1:33:31]} Nxf4 {[%clk 1:10:35]} 14. gxf4 g6 {[%clk 1:09:39]} 15. Nxe7+
{[%clk 1:32:18]} Qxe7 {[%clk 1:10:03]} 16. Rc1 {[%clk 1:30:49]} f6
{[%clk 1:07:01]} 17. Nd3 {[%clk 1:29:40]} Nd7 {[%clk 1:06:26]} 18. e3
{[%clk 1:28:52]} f5 {[%clk 0:59:52]} 19. Qa4 {[%clk 1:19:54]} Rfc8
{[%clk 0:52:21]} 20. Rc3 {[%clk 1:19:54]} a5 {[%clk 0:50:27]} 21. Rfc1
{[%clk 1:18:28]} Qd6 {[%clk 0:49:38]} 22. Qb3 {[%clk 1:12:15]} Kg7
{[%clk 0:46:56]} 23. a3 {[%clk 1:12:07]} Rab8 {[%clk 0:39:10]} 24. Qc2
{[%clk 1:11:24]} Qe6 {[%clk 0:33:52]} 25. Qa4 {[%clk 1:07:35]} Kh6
{[%clk 0:32:03]} 26. Bf3 {[%clk 1:05:53]} Rc7 {[%clk 0:28:39]} 27. b4
{[%clk 1:03:02]} axb4 {[%clk 0:22:11]} 28. axb4 {[%clk 1:03:01]} Ra8
{[%clk 0:21:24]} 29. Qb3 {[%clk 1:03:02]} Rcc8 {[%clk 0:19:32]} 30. b5
{[%clk 1:02:52]} cxb5 {[%clk 0:19:22]} 31. Rc7 {[%clk 0:53:35]} Rxc7
{[%clk 0:17:35]} 32. Rxc7 {[%clk 0:53:46]} Ra1+ {[%clk 0:17:11]} 33. Kg2
{[%clk 0:54:05]} Ba8 {[%clk 0:13:41]} 34. Qxb5 {[%clk 0:52:43]} Ra3
{[%clk 0:09:06]} 35. Rxd7 {[%clk 0:45:38]} Rxd3 {[%clk 0:09:30]} 36. Ra7 1-0

[Event "Superfinal (women)"]
[Site "Moscow"]
[Date "2020.12.09"]
[Round "5.1"]
[White "Getman, Tatyana"]
[Black "Kosteniuk, Alexandra"]
[Result "0-1"]
[BlackElo "2471"]
[WhiteElo "2302"]
[LiveChessVersion "1.4.8"]

1. Nf3 {[%clk 1:30:57]} Nf6 {[%clk 1:29:59]} 2. c4 {[%clk 1:31:21]} e6
{[%clk 1:30:19]} 3. Nc3 {[%clk 1:31:39]} d5 {[%clk 1:30:43]} 4. d4
{[%clk 1:31:58]} dxc4 {[%clk 1:31:02]} 5. e4 {[%clk 1:32:09]} b5 {[%clk 1:31:26]}
6. e5 {[%clk 1:31:26]} Nd5 {[%clk 1:27:21]} 7. Nxb5 {[%clk 1:31:30]} Nb6
{[%clk 1:27:41]} 8. Be2 {[%clk 1:31:08]} Be7 {[%clk 1:27:57]} 9. O-O
{[%clk 1:30:28]} Nc6 {[%clk 1:27:44]} 10. Qd2 {[%clk 1:29:46]} O-O
{[%clk 1:26:56]} 11. Qf4 {[%clk 1:28:26]} Ba6 {[%clk 1:19:23]} 12. Nc3
{[%clk 1:26:14]} f5 {[%clk 1:19:41]} 13. exf6 {[%clk 1:15:18]} Bxf6
{[%clk 1:10:12]} 14. Qe4 {[%clk 1:14:29]} Nxd4 {[%clk 1:04:41]} 15. Nxd4
{[%clk 1:14:46]} Bxd4 {[%clk 1:04:56]} 16. Qxe6+ {[%clk 1:14:30]} Kh8
{[%clk 1:05:13]} 17. Bf3 {[%clk 1:08:33]} Rb8 {[%clk 1:02:14]} 18. Rd1
{[%clk 1:02:05]} c5 {[%clk 0:56:43]} 19. Qg4 {[%clk 0:55:03]} Nd7
{[%clk 0:53:53]} 20. Bf4 {[%clk 0:41:29]} Rxb2 {[%clk 0:45:24]} 21. Ne2
{[%clk 0:39:33]} Nf6 {[%clk 0:25:46]} 22. Qh4 {[%clk 0:34:49]} Re8
{[%clk 0:25:59]} 23. Be3 {[%clk 0:31:17]} c3 {[%clk 0:09:59]} 24. Nxd4
{[%clk 0:30:45]} cxd4 {[%clk 0:08:25]} 25. Bxd4 {[%clk 0:26:43]} c2
{[%clk 0:06:01]} 26. Rdc1 {[%clk 0:26:38]} g5 {[%clk 0:05:25]} 27. Bxf6+
{[%clk 0:15:05]} Qxf6 {[%clk 0:05:53]} 28. Qa4 {[%clk 0:14:23]} Rf8
{[%clk 0:04:32]} 29. Re1 {[%clk 0:11:22]} Bd3 {[%clk 0:04:16]} 30. Rac1
{[%clk 0:07:07]} Rb1 {[%clk 0:04:44]} 31. Qa3 {[%clk 0:06:26]} Bg6
{[%clk 0:04:49]} 32. h3 {[%clk 0:04:10]} Rfb8 {[%clk 0:04:47]} 33. g3
{[%clk 0:01:15]} Rxc1 {[%clk 0:04:25]} 34. Rxc1 {[%clk 0:01:44]} Qb2
{[%clk 0:04:32]} 35. Qxb2+ {[%clk 0:01:26]} Rxb2 {[%clk 0:04:57]} 0-1

[Event "Superfinal (women)"]
[Site "Moscow"]
[Date "2020.12.09"]
[Round "5.2"]
[White "Gunina, Valentina"]
[Black "Shuvalova, Polina"]
[Result "0-1"]
[BlackElo "2456"]
[WhiteElo "2451"]
[LiveChessVersion "1.4.8"]

1. d4 {[%clk 1:30:50]} Nf6 {[%clk 1:30:55]} 2. c4 {[%clk 1:31:15]} e6
{[%clk 1:31:22]} 3. Nf3 {[%clk 1:31:28]} d5 {[%clk 1:31:47]} 4. Nc3
{[%clk 1:31:35]} Bb4 {[%clk 1:32:12]} 5. cxd5 {[%clk 1:31:06]} exd5
{[%clk 1:32:34]} 6. Bf4 {[%clk 1:31:31]} Ne4 {[%clk 1:32:51]} 7. Rc1
{[%clk 1:29:05]} Nc6 {[%clk 1:33:17]} 8. Nd2 {[%clk 1:22:55]} g5 {[%clk 1:33:24]}
9. Be3 {[%clk 1:23:19]} Nxc3 {[%clk 1:33:43]} 10. bxc3 {[%clk 1:23:18]} Ba3
{[%clk 1:34:10]} 11. Rb1 {[%clk 1:22:36]} f5 {[%clk 1:34:35]} 12. g3
{[%clk 1:17:26]} Bd6 {[%clk 1:34:43]} 13. Rg1 {[%clk 1:12:14]} Qe7
{[%clk 1:34:36]} 14. Nf3 {[%clk 1:07:23]} f4 {[%clk 1:34:39]} 15. gxf4
{[%clk 1:07:45]} gxf4 {[%clk 1:34:55]} 16. Bd2 {[%clk 1:07:17]} b6
{[%clk 1:35:14]} 17. Qb3 {[%clk 0:54:45]} Be6 {[%clk 1:34:06]} 18. c4
{[%clk 0:44:06]} dxc4 {[%clk 1:24:58]} 19. Qb5 {[%clk 0:44:11]} Bd7
{[%clk 1:25:03]} 20. Qh5+ {[%clk 0:33:28]} Kd8 {[%clk 1:14:19]} 21. Qd5
{[%clk 0:33:28]} Qe6 {[%clk 0:57:16]} 22. Qxe6 {[%clk 0:21:00]} Bxe6
{[%clk 0:57:24]} 23. Ng5 {[%clk 0:21:27]} Bd5 {[%clk 0:46:33]} 24. e4
{[%clk 0:12:35]} fxe3 {[%clk 0:46:16]} 25. fxe3 {[%clk 0:13:04]} h6
{[%clk 0:36:39]} 26. Rb5 {[%clk 0:11:49]} c3 {[%clk 0:26:36]} 27. Bxc3
{[%clk 0:11:41]} Ne7 {[%clk 0:26:05]} 28. Nh3 {[%clk 0:09:00]} Bxh2
{[%clk 0:23:58]} 29. Rg4 {[%clk 0:04:53]} Bd6 {[%clk 0:19:17]} 30. Nf4
{[%clk 0:02:14]} h5 {[%clk 0:14:56]} 31. Rg5 {[%clk 0:02:33]} Bxf4
{[%clk 0:07:04]} 32. exf4 {[%clk 0:03:02]} c6 {[%clk 0:07:00]} 33. Rb2
{[%clk 0:03:25]} Ke8 {[%clk 0:05:58]} 34. Rh2 {[%clk 0:01:43]} h4
{[%clk 0:06:07]} 35. Bb4 {[%clk 0:01:57]} Kf7 {[%clk 0:05:54]} 36. Bd6
{[%clk 0:02:07]} Rh6 {[%clk 0:03:31]} 37. Be5 {[%clk 0:01:19]} Rg8
{[%clk 0:03:35]} 38. Bd3 {[%clk 0:00:40]} h3 {[%clk 0:03:04]} 39. Rxg8
{[%clk 0:01:07]} Kxg8 {[%clk 0:02:30]} 40. f5 {[%clk 0:31:05]} Bg2
{[%clk 0:30:37]} 41. Kf2 {[%clk 0:27:18]} Kf7 {[%clk 0:22:18]} 42. Kg3
{[%clk 0:26:22]} Nd5 {[%clk 0:19:16]} 43. Be2 {[%clk 0:23:26]} Rh7
{[%clk 0:13:26]} 44. Kg4 {[%clk 0:22:24]} Nf6+ {[%clk 0:10:39]} 45. Kf4
{[%clk 0:20:03]} b5 {[%clk 0:09:06]} 46. Bd1 {[%clk 0:15:01]} a5 {[%clk 0:09:09]}
47. Bb3+ {[%clk 0:12:46]} Bd5 {[%clk 0:08:32]} 48. Bd1 {[%clk 0:11:19]} a4
{[%clk 0:08:27]} 49. Ke3 {[%clk 0:02:50]} Rh4 {[%clk 0:07:21]} 50. Kd3
{[%clk 0:01:27]} Bg2 {[%clk 0:07:35]} 51. Bg3 {[%clk 0:00:52]} Rh8
{[%clk 0:07:41]} 52. Ke3 {[%clk 0:00:38]} Nd5+ {[%clk 0:07:56]} 53. Kd2
{[%clk 0:00:45]} Ra8 {[%clk 0:06:55]} 54. Be5 {[%clk 0:01:00]} Rg8
{[%clk 0:06:29]} 55. Bh5+ {[%clk 0:00:50]} Ke7 {[%clk 0:06:54]} 56. Kd3
{[%clk 0:00:40]} Rg5 {[%clk 0:05:33]} 57. Bg6 {[%clk 0:00:37]} Rg4
{[%clk 0:04:23]} 58. Kd2 {[%clk 0:00:36]} b4 {[%clk 0:04:03]} 59. Bh5
{[%clk 0:00:47]} Rg8 {[%clk 0:04:11]} 60. Bd1 {[%clk 0:01:06]} b3
{[%clk 0:04:10]} 61. axb3 {[%clk 0:01:13]} a3 {[%clk 0:04:31]} 62. Kc1
{[%clk 0:01:27]} Ra8 {[%clk 0:04:25]} 63. f6+ {[%clk 0:01:26]} Kf8
{[%clk 0:04:08]} 64. Bd6+ {[%clk 0:00:48]} Kg8 {[%clk 0:03:48]} 65. f7+
{[%clk 0:00:39]} Kxf7 {[%clk 0:04:13]} 66. Bh5+ {[%clk 0:00:50]} Ke6
{[%clk 0:04:38]} 67. Bxa3 {[%clk 0:00:50]} Rxa3 {[%clk 0:04:14]} 68. Bg4+
{[%clk 0:01:13]} Kd6 {[%clk 0:04:20]} 69. Bxh3 {[%clk 0:01:11]} Bxh3
{[%clk 0:04:39]} 70. Kb2 {[%clk 0:01:14]} Ra8 {[%clk 0:05:01]} 71. Rxh3
{[%clk 0:01:41]} Kc7 {[%clk 0:05:22]} 72. Rh1 {[%clk 0:01:38]} Kb6
{[%clk 0:05:47]} 73. Rc1 {[%clk 0:01:59]} Rf8 {[%clk 0:05:58]} 74. Ka3
{[%clk 0:02:08]} Rf4 {[%clk 0:06:10]} 75. Rc4 {[%clk 0:02:26]} Rf2
{[%clk 0:06:07]} 76. Rc1 {[%clk 0:01:38]} Rd2 {[%clk 0:06:19]} 77. Rc4
{[%clk 0:01:51]} Nc7 {[%clk 0:06:41]} 78. b4 {[%clk 0:00:33]} Nb5+
{[%clk 0:06:58]} 79. Kb3 {[%clk 0:00:58]} Rd3+ {[%clk 0:07:19]} 0-1

[Event "Superfinal (women)"]
[Site "Moscow"]
[Date "2020.12.09"]
[Round "5.3"]
[White "Pogonina, Natalija"]
[Black "Kashlinskaya, Alina"]
[Result "1/2-1/2"]
[BlackElo "2494"]
[WhiteElo "2474"]
[LiveChessVersion "1.4.8"]

1. c4 {[%clk 1:30:57]} Nf6 {[%clk 1:30:53]} 2. Nc3 {[%clk 1:31:17]} g6
{[%clk 1:31:15]} 3. e4 {[%clk 1:31:34]} d6 {[%clk 1:31:39]} 4. d4
{[%clk 1:31:56]} Bg7 {[%clk 1:32:05]} 5. Nf3 {[%clk 1:32:12]} O-O
{[%clk 1:32:24]} 6. Be2 {[%clk 1:32:32]} e5 {[%clk 1:32:39]} 7. O-O
{[%clk 1:32:54]} exd4 {[%clk 1:32:28]} 8. Nxd4 {[%clk 1:33:17]} Re8
{[%clk 1:32:51]} 9. f3 {[%clk 1:33:34]} c6 {[%clk 1:33:04]} 10. Kh1
{[%clk 1:33:00]} d5 {[%clk 1:32:49]} 11. cxd5 {[%clk 1:04:54]} cxd5
{[%clk 1:32:53]} 12. exd5 {[%clk 1:05:15]} Nxd5 {[%clk 1:30:38]} 13. Ndb5
{[%clk 1:04:41]} Nxc3 {[%clk 1:24:53]} 14. Qxd8 {[%clk 1:03:47]} Rxd8
{[%clk 1:25:19]} 15. Nxc3 {[%clk 0:46:42]} Be6 {[%clk 1:07:31]} 16. Bg5
{[%clk 0:31:51]} Rc8 {[%clk 1:05:15]} 17. f4 {[%clk 0:23:38]} Nd7
{[%clk 0:53:00]} 18. Bf3 {[%clk 0:23:04]} Rab8 {[%clk 0:43:25]} 19. Rac1
{[%clk 0:19:17]} b5 {[%clk 0:38:26]} 20. Nd5 {[%clk 0:17:49]} Bxd5
{[%clk 0:35:26]} 21. Bxd5 {[%clk 0:18:14]} Bxb2 {[%clk 0:34:05]} 22. Rb1
{[%clk 0:14:45]} Bf6 {[%clk 0:25:45]} 23. Rbd1 {[%clk 0:14:59]} Rc7
{[%clk 0:25:37]} 24. Bc6 {[%clk 0:10:29]} Rxc6 {[%clk 0:19:24]} 25. Rxd7
{[%clk 0:10:54]} a5 {[%clk 0:19:40]} 26. h4 {[%clk 0:08:45]} a4 {[%clk 0:15:26]}
27. f5 {[%clk 0:08:01]} Kg7 {[%clk 0:08:19]} 28. Ra7 {[%clk 0:05:40]} Rd8
{[%clk 0:07:00]} 29. Rb7 {[%clk 0:05:40]} Rd5 {[%clk 0:07:21]} 30. fxg6
{[%clk 0:05:31]} Kxg6 {[%clk 0:06:45]} 31. Bxf6 {[%clk 0:03:11]} Rxf6
{[%clk 0:07:14]} 32. Rb1 {[%clk 0:03:09]} Rff5 {[%clk 0:04:35]} 33. Kh2
{[%clk 0:03:01]} Kf6 {[%clk 0:03:48]} 34. a3 {[%clk 0:01:31]} h5 {[%clk 0:03:49]}
35. Rc1 {[%clk 0:00:46]} Rd3 {[%clk 0:03:45]} 36. Rc6+ {[%clk 0:00:45]} Kg7
{[%clk 0:04:10]} 37. Rcb6 {[%clk 0:00:52]} Rb3 {[%clk 0:03:48]} 38. Rb8
{[%clk 0:00:52]} Rb2 {[%clk 0:04:00]} 39. Kg3 {[%clk 0:00:49]} Rff2
{[%clk 0:02:49]} 40. Rxb5 {[%clk 0:31:04]} Rxg2+ {[%clk 0:33:14]} 41. Kf3
{[%clk 0:19:19]} Rxb5 {[%clk 0:29:49]} 42. Rxb5 {[%clk 0:19:16]} Ra2
{[%clk 0:30:15]} 43. Rxh5 {[%clk 0:12:00]} Rxa3+ {[%clk 0:30:33]} 44. Kg4
{[%clk 0:12:05]} Ra1 {[%clk 0:27:02]} 45. Rg5+ {[%clk 0:11:44]} Kf6
{[%clk 0:23:46]} 46. Rf5+ {[%clk 0:11:47]} Ke6 {[%clk 0:23:37]} 47. Rf2
{[%clk 0:11:34]} a3 {[%clk 0:23:07]} 48. Kf4 {[%clk 0:04:21]} a2 {[%clk 0:22:51]}
49. Re2+ {[%clk 0:04:03]} Kf6 {[%clk 0:21:20]} 50. Rf2 {[%clk 0:04:28]} Kg6
{[%clk 0:14:14]} 51. Rg2+ {[%clk 0:04:25]} Kh6 {[%clk 0:14:04]} 52. Rf2
{[%clk 0:04:48]} Kh5 {[%clk 0:14:06]} 53. Kf5 {[%clk 0:04:46]} Kxh4
{[%clk 0:13:56]} 54. Kf4 {[%clk 0:05:11]} Kh3 {[%clk 0:14:15]} 55. Kf3
{[%clk 0:05:00]} f5 {[%clk 0:13:17]} 56. Kf4 {[%clk 0:05:00]} Rb1
{[%clk 0:13:17]} 57. Rxa2 {[%clk 0:04:33]} Rf1+ {[%clk 0:13:43]} 58. Kg5
{[%clk 0:03:50]} Rf3 {[%clk 0:09:43]} 59. Ra1 {[%clk 0:01:18]} Kg2
{[%clk 0:07:56]} 60. Rb1 {[%clk 0:00:54]} Kg3 {[%clk 0:04:39]} 61. Rg1+
{[%clk 0:01:14]} Kf2 {[%clk 0:04:18]} 62. Ra1 {[%clk 0:01:36]} Kg2
{[%clk 0:04:03]} 63. Rb1 {[%clk 0:01:45]} Rf2 {[%clk 0:04:32]} 64. Rb4
{[%clk 0:01:04]} Kg3 {[%clk 0:04:03]} 65. Rb3+ {[%clk 0:01:30]} Rf3
{[%clk 0:03:53]} 66. Rxf3+ {[%clk 0:01:55]} Kxf3 {[%clk 0:04:21]} 67. Kxf5
{[%clk 0:02:19]} 1/2-1/2

[Event "Superfinal (women)"]
[Site "Moscow"]
[Date "2020.12.09"]
[Round "5.4"]
[White "Garifullina, Leya"]
[Black "Guseva, Marina"]
[Result "1-0"]
[BlackElo "2359"]
[WhiteElo "2348"]
[LiveChessVersion "1.4.8"]

1. e4 {[%clk 1:30:53]} c6 {[%clk 1:30:55]} 2. d4 {[%clk 1:31:16]} d5
{[%clk 1:31:21]} 3. Nc3 {[%clk 1:31:33]} dxe4 {[%clk 1:31:47]} 4. Nxe4
{[%clk 1:31:58]} Bf5 {[%clk 1:32:15]} 5. Ng3 {[%clk 1:32:20]} Bg6
{[%clk 1:32:41]} 6. h4 {[%clk 1:32:44]} h6 {[%clk 1:33:08]} 7. Nf3
{[%clk 1:33:09]} e6 {[%clk 1:33:35]} 8. h5 {[%clk 1:33:33]} Bh7 {[%clk 1:34:03]}
9. Bd3 {[%clk 1:33:59]} Bxd3 {[%clk 1:34:30]} 10. Qxd3 {[%clk 1:34:24]} Nf6
{[%clk 1:34:56]} 11. Bd2 {[%clk 1:34:44]} Be7 {[%clk 1:35:23]} 12. O-O-O
{[%clk 1:35:06]} c5 {[%clk 1:35:51]} 13. Ne4 {[%clk 1:34:15]} Nc6
{[%clk 1:35:30]} 14. Bc3 {[%clk 1:32:37]} Qd5 {[%clk 1:11:34]} 15. Nxf6+
{[%clk 1:30:43]} gxf6 {[%clk 1:01:13]} 16. dxc5 {[%clk 1:29:23]} Qxd3
{[%clk 1:01:39]} 17. Rxd3 {[%clk 1:29:41]} Rg8 {[%clk 1:02:06]} 18. g3
{[%clk 1:23:48]} Bxc5 {[%clk 1:01:12]} 19. Bxf6 {[%clk 1:10:15]} Bxf2
{[%clk 1:01:14]} 20. Nd2 {[%clk 1:08:48]} Rg4 {[%clk 0:46:02]} 21. Rh4
{[%clk 1:02:01]} Rxh4 {[%clk 0:46:06]} 22. Bxh4 {[%clk 0:59:04]} Ne5
{[%clk 0:41:40]} 23. Rb3 {[%clk 0:56:22]} b6 {[%clk 0:40:18]} 24. Ne4
{[%clk 0:55:37]} Bd4 {[%clk 0:35:41]} 25. Nf6+ {[%clk 0:49:30]} Kf8
{[%clk 0:35:52]} 26. g4 {[%clk 0:47:34]} Nc4 {[%clk 0:30:10]} 27. Rb4
{[%clk 0:42:46]} Be3+ {[%clk 0:23:16]} 28. Kd1 {[%clk 0:41:37]} Rc8
{[%clk 0:17:07]} 29. b3 {[%clk 0:38:29]} Nd6 {[%clk 0:08:35]} 30. Ne4
{[%clk 0:36:37]} Rc6 {[%clk 0:08:14]} 31. Nxd6 {[%clk 0:35:42]} Rxd6+
{[%clk 0:08:41]} 32. Ke2 {[%clk 0:36:06]} Bd4 {[%clk 0:06:56]} 33. Rc4
{[%clk 0:34:59]} Rd7 {[%clk 0:06:36]} 34. Rc8+ {[%clk 0:34:44]} Kg7
{[%clk 0:07:04]} 35. Rd8 {[%clk 0:33:26]} Rxd8 {[%clk 0:07:31]} 36. Bxd8
{[%clk 0:33:52]} a6 {[%clk 0:02:00]} 37. c4 {[%clk 0:32:25]} Bc5 {[%clk 0:00:37]}
38. b4 {[%clk 0:32:04]} Bxb4 {[%clk 0:00:46]} 39. Bxb6 {[%clk 0:32:29]} f5
{[%clk 0:01:13]} 40. gxf5 {[%clk 1:02:48]} exf5 {[%clk 0:31:41]} 41. Be3
{[%clk 1:02:42]} Bf8 {[%clk 0:31:51]} 42. c5 {[%clk 1:01:04]} Kf6
{[%clk 0:32:18]} 43. c6 {[%clk 1:01:02]} Ke6 {[%clk 0:32:44]} 44. Bf4
{[%clk 1:01:29]} Be7 {[%clk 0:21:16]} 45. Kd3 {[%clk 1:01:02]} Bh4
{[%clk 0:20:21]} 46. Kc4 {[%clk 1:00:42]} Bf2 {[%clk 0:20:00]} 47. Bxh6
{[%clk 1:00:30]} Bg3 {[%clk 0:20:06]} 48. Bf8 {[%clk 0:56:35]} Bf4
{[%clk 0:19:41]} 49. Bc5 {[%clk 0:55:23]} Bh6 {[%clk 0:19:00]} 50. Kd3
{[%clk 0:54:13]} Bg7 {[%clk 0:18:40]} 51. c7 {[%clk 0:53:29]} Kd7
{[%clk 0:19:07]} 52. Bd6 {[%clk 0:53:55]} Bh6 {[%clk 0:18:05]} 53. Ke2
{[%clk 0:54:14]} Bg7 {[%clk 0:18:24]} 54. Bf4 {[%clk 0:54:34]} Bf8
{[%clk 0:18:10]} 55. Kd3 {[%clk 0:54:47]} Bg7 {[%clk 0:18:21]} 56. Kc4
{[%clk 0:55:04]} Bf8 {[%clk 0:18:25]} 57. Kd5 {[%clk 0:55:13]} Bg7
{[%clk 0:18:38]} 58. Kc5 {[%clk 0:55:37]} 1-0

[Event "Superfinal (women)"]
[Site "Moscow"]
[Date "2020.12.09"]
[Round "5.5"]
[White "Galliamova, Alisa"]
[Black "Girya, Olga"]
[Result "1-0"]
[BlackElo "2464"]
[WhiteElo "2438"]
[LiveChessVersion "1.4.8"]

1. d4 {[%clk 1:30:58]} Nf6 {[%clk 1:30:52]} 2. c4 {[%clk 1:31:13]} e6
{[%clk 1:31:17]} 3. Nc3 {[%clk 1:31:29]} Bb4 {[%clk 1:31:32]} 4. f3
{[%clk 1:31:40]} d5 {[%clk 1:28:40]} 5. a3 {[%clk 1:31:55]} Be7 {[%clk 1:28:59]}
6. e4 {[%clk 1:32:03]} dxe4 {[%clk 1:29:25]} 7. fxe4 {[%clk 1:32:27]} c5
{[%clk 1:29:49]} 8. d5 {[%clk 1:32:47]} exd5 {[%clk 1:30:09]} 9. exd5
{[%clk 1:33:07]} O-O {[%clk 1:30:31]} 10. Be2 {[%clk 1:33:21]} Re8
{[%clk 1:30:48]} 11. Nf3 {[%clk 1:33:16]} Bg4 {[%clk 1:30:55]} 12. O-O
{[%clk 1:33:04]} Nbd7 {[%clk 1:31:14]} 13. d6 {[%clk 1:18:08]} Bf8
{[%clk 1:31:37]} 14. Nb5 {[%clk 1:18:18]} Re6 {[%clk 1:16:02]} 15. Bf4
{[%clk 1:02:24]} Nh5 {[%clk 1:04:11]} 16. Bg5 {[%clk 0:15:32]} Qb8
{[%clk 1:03:00]} 17. h3 {[%clk 0:07:33]} Ng3 {[%clk 1:02:32]} 18. Bd3
{[%clk 0:07:17]} Bh5 {[%clk 0:38:49]} 19. Re1 {[%clk 0:07:17]} Rxe1+
{[%clk 0:15:48]} 20. Qxe1 {[%clk 0:07:43]} Bxd6 {[%clk 0:06:32]} 21. Nxd6
{[%clk 0:07:50]} Qxd6 {[%clk 0:06:56]} 22. Rd1 {[%clk 0:07:39]} Qc7
{[%clk 0:05:49]} 23. Bh4 {[%clk 0:06:12]} Bxf3 {[%clk 0:05:57]} 24. Bxg3
{[%clk 0:06:15]} Qb6 {[%clk 0:06:22]} 25. gxf3 {[%clk 0:06:30]} Qxb2
{[%clk 0:06:45]} 26. Bxh7+ {[%clk 0:06:00]} Kxh7 {[%clk 0:07:12]} 27. Rxd7
{[%clk 0:06:11]} Kg8 {[%clk 0:05:38]} 28. Qe3 {[%clk 0:04:12]} Qb1+
{[%clk 0:05:22]} 29. Kg2 {[%clk 0:03:43]} Qa2+ {[%clk 0:04:55]} 30. Bf2
{[%clk 0:03:54]} Qxc4 {[%clk 0:05:07]} 31. Qxc5 {[%clk 0:03:48]} Qe6
{[%clk 0:04:19]} 32. Rxb7 {[%clk 0:03:40]} Qg6+ {[%clk 0:03:51]} 33. Kh2
{[%clk 0:03:52]} Qf6 {[%clk 0:04:04]} 34. Kg2 {[%clk 0:03:57]} Qg6+
{[%clk 0:04:20]} 35. Kh2 {[%clk 0:04:11]} Qf6 {[%clk 0:04:49]} 36. Qe3
{[%clk 0:03:17]} Qc6 {[%clk 0:04:07]} 37. Rxa7 {[%clk 0:02:11]} Re8
{[%clk 0:02:26]} 38. Qf4 {[%clk 0:02:16]} Qd5 {[%clk 0:01:57]} 39. Rc7
{[%clk 0:01:47]} Ra8 {[%clk 0:01:03]} 40. a4 {[%clk 0:31:28]} Qa2
{[%clk 0:31:15]} 41. Qh4 {[%clk 0:24:29]} Qd2 {[%clk 0:25:40]} 42. Kg2
{[%clk 0:22:16]} Qd6 {[%clk 0:25:41]} 43. Rc4 {[%clk 0:20:37]} f5
{[%clk 0:26:06]} 44. Qd4 {[%clk 0:16:19]} Qe6 {[%clk 0:26:12]} 45. Rc7
{[%clk 0:11:56]} Qg6+ {[%clk 0:26:27]} 46. Kh2 {[%clk 0:12:08]} 1-0

[Event "Superfinal (women)"]
[Site "Moscow"]
[Date "2020.12.09"]
[Round "5.6"]
[White "Grigorieva, Yulia"]
[Black "Goryachkina, Aleksandra"]
[Result "0-1"]
[BlackElo "2593"]
[WhiteElo "2290"]
[LiveChessVersion "1.4.8"]

1. e4 {[%clk 1:30:59]} c6 {[%clk 1:30:44]} 2. d4 {[%clk 1:31:22]} d5
{[%clk 1:31:09]} 3. e5 {[%clk 1:31:46]} Bf5 {[%clk 1:31:26]} 4. Bd3
{[%clk 1:31:56]} Bxd3 {[%clk 1:28:22]} 5. Qxd3 {[%clk 1:32:19]} e6
{[%clk 1:28:33]} 6. Ne2 {[%clk 1:31:42]} Qa5+ {[%clk 1:23:03]} 7. Nd2
{[%clk 1:29:49]} Ne7 {[%clk 1:21:49]} 8. O-O {[%clk 1:25:58]} Qa6
{[%clk 1:20:15]} 9. c4 {[%clk 1:21:08]} Nd7 {[%clk 1:18:58]} 10. b3
{[%clk 1:13:24]} Nf5 {[%clk 1:14:36]} 11. Nc3 {[%clk 1:04:36]} Rd8
{[%clk 1:12:26]} 12. Nf3 {[%clk 0:52:34]} Nb6 {[%clk 1:04:11]} 13. g4
{[%clk 0:47:13]} Ne7 {[%clk 0:51:28]} 14. Nd2 {[%clk 0:44:27]} h5
{[%clk 0:50:19]} 15. f3 {[%clk 0:34:36]} Ng6 {[%clk 0:49:25]} 16. f4
{[%clk 0:31:58]} hxg4 {[%clk 0:45:10]} 17. f5 {[%clk 0:32:02]} Rh3
{[%clk 0:42:39]} 18. Qc2 {[%clk 0:28:04]} Nh4 {[%clk 0:41:29]} 19. fxe6
{[%clk 0:27:11]} fxe6 {[%clk 0:41:45]} 20. Ne2 {[%clk 0:26:15]} g5
{[%clk 0:36:41]} 21. Rf6 {[%clk 0:16:39]} Bb4 {[%clk 0:34:25]} 22. Kh1
{[%clk 0:14:17]} Kd7 {[%clk 0:29:09]} 23. Qh7+ {[%clk 0:07:34]} Kc8
{[%clk 0:29:27]} 24. Qf7 {[%clk 0:03:40]} Bxd2 {[%clk 0:28:07]} 25. Qxe6+
{[%clk 0:03:11]} Kb8 {[%clk 0:27:34]} 26. Bxd2 {[%clk 0:02:55]} Nf3
{[%clk 0:22:21]} 27. Rxf3 {[%clk 0:03:23]} Rxf3 {[%clk 0:22:44]} 28. Qxg4
{[%clk 0:03:07]} Rff8 {[%clk 0:20:42]} 29. Bxg5 {[%clk 0:01:17]} Rde8
{[%clk 0:15:26]} 30. c5 {[%clk 0:01:22]} Rf2 {[%clk 0:15:25]} 31. Re1
{[%clk 0:00:42]} Nc8 {[%clk 0:14:51]} 32. Bf4 {[%clk 0:00:41]} Qd3
{[%clk 0:13:04]} 33. Kg1 {[%clk 0:00:38]} Rxe2 {[%clk 0:09:27]} 34. Qxe2
{[%clk 0:00:37]} Qxd4+ {[%clk 0:09:55]} 35. Qe3 {[%clk 0:00:42]} Qb4
{[%clk 0:10:24]} 36. Bg3 {[%clk 0:00:42]} Ne7 {[%clk 0:10:02]} 37. Qf2
{[%clk 0:00:41]} Rg8 {[%clk 0:03:37]} 38. Kh1 {[%clk 0:00:41]} a6
{[%clk 0:03:45]} 39. Rf1 {[%clk 0:00:36]} d4 {[%clk 0:01:49]} 40. e6+
{[%clk 0:30:44]} Ka7 {[%clk 0:31:40]} 41. Bd6 {[%clk 0:23:23]} Nc8
{[%clk 0:27:23]} 42. Qf4 {[%clk 0:07:13]} Qb5 {[%clk 0:25:20]} 43. Re1
{[%clk 0:05:54]} Nxd6 {[%clk 0:21:25]} 44. Qxd6 {[%clk 0:05:02]} Qd3
{[%clk 0:21:16]} 45. Qf4 {[%clk 0:04:43]} Qc2 {[%clk 0:21:16]} 46. Qf3
{[%clk 0:02:08]} d3 {[%clk 0:17:07]} 47. e7 {[%clk 0:00:41]} Rh8 {[%clk 0:14:33]}
48. Kg1 {[%clk 0:00:44]} Qxh2+ {[%clk 0:12:16]} 49. Kf1 {[%clk 0:01:13]} Rg8
{[%clk 0:12:18]} 50. Qf2 {[%clk 0:01:22]} Qh1+ {[%clk 0:12:42]} 0-1